Counseling and psychotherapy: newer concepts in practice

Saved in:
Bibliografiske detaljer
Hovedforfatter: Rogers, Carl (Author)
Format: Bog
Sprog:spansk
Udgivet: Cambridge Houghton Mifflin 1942
Fag:
Tags: Tilføj Tag
Ingen Tags, Vær først til at tagge denne postø!

MARC

LEADER 00000nam a2200000 a 4500
001 UCU1240
003 CL-VaPUC
008 960329e19420000US |||||||||||||||||spa|d
082 0 4 |a 615.851  |b ROG  |2 21 
100 0 |a Rogers, Carl  |e author  |9 307267 
245 1 0 |a Counseling and psychotherapy: newer concepts in practice 
300 |a 450 p 
942 |c BK 
945 |d 19960329 00:00:00  |a paguirre 
260 |a Cambridge  |b Houghton Mifflin  |c 1942 
650 7 |a PSICOTERAPIA  |2 CL-VaPUC  |9 356845 
650 0 |a Psicología aplicada   |9 270762 
650 7 |a ORIENTACION PSICOLOGICA  |2 CL-VaPUC  |9 311637 
583 |a last modification  |c 19960329 00:00:00  |k Rodrigo Vera 
999 |c 245927  |d 245925 
952 |0 0  |1 0  |4 0  |6 615_851000000000000_ROG_1942  |7 0  |8 P  |9 260558  |a BIBEDU  |b BIBEDU  |c BIBEDU_PB  |d 2019-11-19  |i 2015064  |o 615.851 ROG 1942  |p 2015064  |r 2019-11-19  |w 2019-11-19  |y BK  |k EDU